000 00621nam a22001937a 4500
003 koha_MIRAKIL
005 20260416095306.0
008 260416b tur||||| |||| 00| 0 tur d
020 _a9786051882574
040 _aTR-IsEVY
_btur
_cTR-IsEVY
082 _aFIC MEA/D
100 _aMeadows, Daisy
245 0 _aDostluk ormanı :
_bNazlı Pofuduk'un büyük sürprizi /
_cDaisy Meadows.
260 _aİstanbul :
_bBeyaz Balina Yayınları,
_c2018.
300 _a83 s. :
_bresimli ;
_c19 cm.
490 0 _aDostluk Ormanı Serisi ; 10.
650 _aÇocuk Edebiyatı.
_vÇocuk Romanı.
_vHayvan Sevgisi.
942 _2ddc
_cBK
999 _c23496
_d23496